Альдегиды и кетоны: сборник задач по органической химии с решениями; учебное пособие

Dades bibliogràfiques
Autor principal: Юсубова Р. Я. Роза Явидовна
Autor corporatiu: Национальный исследовательский Томский политехнический университет (ТПУ)
Sumari:Сборник задач и упражнений по теме "Альдегиды и кетоны", составлен соответствии с программой курса "Органическая химия". Сборник содержит задачи и упражнения с подробным решением и предназначен для самостоятельной подготовки студентов химических специальностей
Idioma:rus
Publicat: Томск, Изд-во ТПУ, 2011
Matèries:
Format: MixedMaterials Llibre
KOHA link:https://koha.lib.tpu.ru/cgi-bin/koha/opac-detail.pl?biblionumber=205853

MARC

LEADER 00000nam0a2200000 4500
001 205853
005 20231228140230.0
035 |a (RuTPU)RU\TPU\book\224373 
090 |a 205853 
100 |a 20111216d2011 m y0rusy50 ca 
101 0 |a rus 
102 |a RU 
105 |a y j 001zy 
200 1 |a Альдегиды и кетоны  |e сборник задач по органической химии с решениями  |e учебное пособие  |f Р. Я. Юсубова  |g Национальный исследовательский Томский политехнический университет (ТПУ) 
210 |a Томск  |c Изд-во ТПУ  |d 2011 
215 |a 58 с. 
320 |a Библиогр.: с. 57. 
330 |a Сборник задач и упражнений по теме "Альдегиды и кетоны", составлен соответствии с программой курса "Органическая химия". Сборник содержит задачи и упражнения с подробным решением и предназначен для самостоятельной подготовки студентов химических специальностей 
606 1 |a Альдегиды  |2 stltpush  |3 (RuTPU)RU\TPU\subj\1849 
606 1 |a Кетоны  |x Химия  |2 stltpush  |3 (RuTPU)RU\TPU\subj\14297  |9 40736 
610 1 |a задачи 
610 1 |a номенклатура 
610 1 |a получение 
610 1 |a химические свойства 
610 1 |a нуклеофильное присоединение 
610 1 |a химические реакции 
610 1 |a строение 
610 1 |a учебные пособия 
610 1 |a труды учёных ТПУ 
675 |a 547.38(076)  |v 3 
700 1 |a Юсубова  |b Р. Я.  |c химик  |c доцент Томского политехнического университета, кандидат химических наук  |f 1964-  |g Роза Явидовна  |3 (RuTPU)RU\TPU\pers\28057  |9 13019 
712 0 2 |a Национальный исследовательский Томский политехнический университет (ТПУ)  |c (2009- )  |3 (RuTPU)RU\TPU\col\15902 
801 1 |a RU  |b 63413507  |c 20111216 
801 2 |a RU  |b 63413507  |c 20111226  |g RCR 
942 |c BK